Top Gear quiz - Statistics

General Stats
  • This quiz has been taken 121 times
  • The average score is 10 of 15
Answer Stats
Question Answer % Correct
what is james nickname captain slow
89%
what is the trios new show called the grand tour
89%
who presented top gear alongside jeremy and richard in the first season jason dawe
87%
why did clarkson get sacked punched a producer over food
85%
what does jeremy do in his new show farming
80%
what special had to be ended early due to political reasons argentina
76%
what is clarksons iconic quote he says while going faster than the others? the speeeeeeeeedddd
74%
what friends star was fastest in the kia cee'd matt le blanc
67%
what car did james choose to become an ambulance in season 22 herse
65%
what is james mays cooking show called oh cook!
63%
what is the best car clarkson has driven ever lexus lfa
54%
who found the "source of the river nile" in the africa special james
52%
what Formula one guest got the fastest time on their seperate leaderboard daniel ricciardo
41%
Who is known as the "angry yob" richard
39%
what was the first reasonably priced car suzuki liana
39%
No matching quizzes found
Score Distribution
Percent of People with Each Score
Percentile by Number Answered
Your Score History
You have not taken this quiz